[Event "C.to Provinciale TP"]
[Site "Marsala ITA"]
[Date "2014.01.12"]
[Round "2"]
[White "Savalla, Pietro"]
[Black "Messina, Damiano"]
[WhiteElo "1895"]
[BlackElo "1855"]
[Result "1-0"]
[PlyCount "61"]
[EventDate "2014.01.12"]

1. d4 e6 2. Nf3 c5 3. e3 Nc6 4. c3 Nf6 5. Bd3 d5 6. Nbd2 Bd6 7. O-O O-O 8. dxc5
Bxc5 9. e4 h6 10. Qe2 Qc7 11. e5 Nd7 12. Nb3 Be7 13. Bf4 Nc5 14. Nxc5 Bxc5 15.
Qd2 Rd8 16. Rad1 Bf8 17. Bc2 Bd7 18. Qd3 g6 19. h4 Rac8 20. Qe3 Kh7 21. Nh2 Bg7
22. Ng4 h5 23. Nf6+ Bxf6 24. exf6 e5 25. Bh6 d4 26. Qg5 Rg8 27. Qxh5 d3 28.
Bxd3 e4 29. Bg7+ gxh5 30. Bxe4+ Bf5 31. Bxf5# 1-0

[Event "Befana SSM B"]
[Site "Milano ITA"]
[Date "2014.01.02"]
[Round "1"]
[White "Aloe, Giancarlo"]
[Black "Quagliarella, Sabino Remo"]
[WhiteElo "1719"]
[BlackElo "1882"]
[Result "0-1"]
[PlyCount "138"]
[EventDate "2014.01.02"]

1. d4 Nf6 2. Nf3 d6 3. c4 g6 4. g3 Bg7 5. Bg2 O-O 6. O-O Nbd7 7. Nbd2 e5 8. e3
c6 9. b3 e4 10. Ng5 d5 11. Bb2 Re8 12. Nh3 Nf8 13. Nf4 Bg4 14. Qc2 Qd7 15. Rfe1
Bh6 16. cxd5 cxd5 17. Rac1 Bxf4 18. exf4 Rac8 19. Qb1 Bh3 20. Bh1 h5 21. Nf1
Bxf1 22. Rxf1 h4 23. Rxc8 Rxc8 24. Bc1 h3 25. Be3 Ng4 26. Qd1 f5 27. Qe2 Ne6
28. f3 Nxe3 29. Qxe3 Qc6 30. fxe4 dxe4 31. Rd1 Qc3 32. Kf2 Qxe3+ 33. Kxe3 Rc3+
34. Ke2 Rc2+ 35. Rd2 Nxd4+ 36. Ke3 Rxd2 37. Kxd2 Kf7 38. Ke3 Nc6 39. g4 Ke6 40.
gxf5+ gxf5 41. Bxe4 fxe4 42. Kxe4 Ne7 43. a3 Nf5 44. b4 Nd6+ 45. Kf3 Kf5 46.
Kg3 b5 47. Kxh3 Kxf4 48. Kh4 Kf5 49. Kh5 Nc4 50. h4 Nxa3 51. Kh6 Kf6 52. Kh7
Kf7 53. h5 Nc4 54. Kh8 Ne5 55. Kh7 Ng4 56. Kh8 Kf6 57. Kg8 Nh6+ 58. Kf8 Ke6 59.
Kg7 Nf5+ 60. Kg6 Ke5 61. Kg5 Ke6 62. Kg6 Ne7+ 63. Kg7 a6 64. Kh6 Kf6 65. Kh7
Kf7 66. Kh8 Nd5 67. h6 Nf6 68. h7 Nxh7 69. Kxh7 Ke6 0-1

[Event "Befana SSM B"]
[Site "Milano ITA"]
[Date "2014.01.02"]
[Round "1"]
[White "Cagnotto, Marco"]
[Black "Rossini, Fulvio"]
[WhiteElo "1514"]
[BlackElo "1766"]
[Result "0-1"]
[PlyCount "64"]
[EventDate "2014.01.02"]

1. e4 e6 2. d4 d5 3. e5 c5 4. c3 Nc6 5. Nf3 Qb6 6. Be2 Nge7 7. Na3 Bd7 8. Nc2
cxd4 9. cxd4 Rc8 10. b3 Nf5 11. O-O Nb4 12. Nxb4 Bxb4 13. Bb2 O-O 14. Bd3 Bb5
15. Qe2 Bxd3 16. Qxd3 Be7 17. Rac1 Rc6 18. Rc2 Rfc8 19. Rfc1 Qa5 20. Bc3 Qc7
21. Nd2 Ba3 22. Nb1 Bxc1 23. Rxc1 Qb6 24. Rd1 a5 25. Qd2 Ra8 26. Na3 Qa6 27. f3
b5 28. Bb2 b4 29. Nc2 Rxc2 30. Qxc2 Ne3 31. Qd2 Nxd1 32. Qxd1 Rc8 0-1

[Event "Befana SSM B"]
[Site "Milano ITA"]
[Date "2014.01.02"]
[Round "1"]
[White "Carli, Federico"]
[Black "Alidosi, Marco"]
[WhiteElo "1529"]
[BlackElo "1775"]
[Result "1-0"]
[PlyCount "89"]
[EventDate "2014.01.02"]

1. e4 c5 2. c3 e6 3. d4 cxd4 4. cxd4 d5 5. e5 Qb6 6. Nf3 Nc6 7. Be2 Nh6 8. Nc3
Nf5 9. Na4 Qc7 10. O-O Bd7 11. g4 Nh6 12. h3 Be7 13. Be3 Rc8 14. Rc1 Qb8 15. a3
Ng8 16. Nc5 Bxc5 17. Rxc5 Nge7 18. h4 f6 19. exf6 gxf6 20. g5 Rg8 21. Kh1 f5
22. Qd2 Kd8 23. Bf4 Qa8 24. Rg1 b6 25. Rc2 Na5 26. Rxc8+ Qxc8 27. Ne5 Be8 28.
Rc1 Qb7 29. Qb4 Nc4 30. Bxc4 dxc4+ 31. Kh2 Nd5 32. Qd6+ Bd7 33. Nxd7 Qxd7 34.
Qb8+ Qc8 35. Qxc8+ Kxc8 36. Rxc4+ Kd7 37. Be5 f4 38. Kh3 Ke7 39. Kg4 Rf8 40. h5
Rf5 41. Rc8 h6 42. gxh6 Nf6+ 43. Bxf6+ Rxf6 44. Rc7+ Kf8 45. h7 1-0

[Event "Befana SSM B"]
[Site "Milano ITA"]
[Date "2014.01.02"]
[Round "1"]
[White "Casartelli, Fabio"]
[Black "Baronio, Gaia"]
[WhiteElo "1848"]
[BlackElo "1613"]
[Result "1-0"]
[PlyCount "55"]
[EventDate "2014.01.02"]

1. d4 d5 2. Nf3 Nf6 3. Bf4 Bf5 4. e3 e6 5. Nbd2 Be7 6. h3 h6 7. Be2 Nbd7 8. c4
dxc4 9. Bxc4 c6 10. O-O O-O 11. Qe2 Nb6 12. Bb3 Ne4 13. Rfd1 Nd5 14. Nxe4 Bxe4
15. Be5 Bd6 16. Nd2 Bh7 17. Nc4 Bxe5 18. dxe5 Qc7 19. Rac1 Nb6 20. Nd6 Rad8 21.
Rd2 Nc8 22. Rcd1 Nxd6 23. exd6 Qb6 24. e4 e5 25. Qg4 Qb4 26. f3 Qc5+ 27. Kh1
Bg6 28. Qxg6 1-0

[Event "Befana SSM B"]
[Site "Milano ITA"]
[Date "2014.01.02"]
[Round "1"]
[White "Cecchini, Massimo S."]
[Black "Cavalieri, Riccardo"]
[WhiteElo "1786"]
[BlackElo "1576"]
[Result "1/2-1/2"]
[PlyCount "65"]
[EventDate "2014.01.02"]

1. d4 Nf6 2. c4 g6 3. Nc3 d5 4. Qb3 dxc4 5. Qxc4 Be6 6. Qa4+ Bd7 7. Qb3 b6 8.
e4 Bc6 9. d5 Bb7 10. Nf3 Bg7 11. Be2 O-O 12. Bd2 c6 13. dxc6 Bxc6 14. e5 Nd5
15. O-O Nxc3 16. Bxc3 Bd5 17. Qa4 Qd7 18. Qh4 Nc6 19. Rfd1 e6 20. Qg3 Qc7 21.
h4 Rac8 22. a3 Bxf3 23. Bxf3 Bxe5 24. Bxe5 Qxe5 25. Qxe5 Nxe5 26. Bb7 Rcd8 27.
Ba6 Rd7 28. Rxd7 Nxd7 29. Bb5 Nf6 30. Rc1 Nd5 31. g3 Rb8 32. Kg2 Rb7 33. Kf3
1/2-1/2

[Event "Befana SSM B"]
[Site "Milano ITA"]
[Date "2014.01.02"]
[Round "1"]
[White "Corti, Filippo"]
[Black "Deghi, Donatello"]
[WhiteElo "1599"]
[BlackElo "1815"]
[Result "1-0"]
[PlyCount "33"]
[EventDate "2014.01.02"]

1. Nf3 Nf6 2. g3 d5 3. Bg2 c5 4. d3 Nc6 5. O-O e6 6. Nbd2 g6 7. e4 Bg7 8. exd5
Nxd5 9. Ne4 b6 10. Rb1 O-O 11. Bd2 a5 12. Nc3 Ba6 13. Qc1 Re8 14. Bh6 Bxc3 15.
bxc3 Nxc3 16. Qb2 Nxb1 17. Qg7# 1-0

[Event "Befana SSM B"]
[Site "Milano ITA"]
[Date "2014.01.02"]
[Round "1"]
[White "Giaretta, Fulvio"]
[Black "Spelta, Andrea"]
[WhiteElo "1533"]
[BlackElo "1756"]
[Result "1/2-1/2"]
[PlyCount "74"]
[EventDate "2014.01.02"]

1. e4 e6 2. d4 d5 3. Nd2 c5 4. c3 cxd4 5. cxd4 dxe4 6. Nxe4 Nc6 7. Nf3 Be7 8.
a3 Nf6 9. Bd3 O-O 10. Be3 Nd5 11. O-O h6 12. Ned2 Bf6 13. Ne4 e5 14. Nxf6+ Qxf6
15. Be4 Nxe3 16. fxe3 exd4 17. exd4 Qd6 18. Bxc6 bxc6 19. Rc1 Be6 20. Ne5 Bd5
21. Qa4 Rfc8 22. Qa6 f6 23. Nc4 Qd8 24. Na5 Qb6 25. Qxb6 axb6 26. Nc4 Rcb8 27.
Ne3 Ra4 28. Nxd5 cxd5 29. Rfd1 Kf8 30. Rc7 Rc4 31. Rd7 Rbc8 32. Rxd5 Rc1 33.
Rd8+ Rxd8 34. Rxc1 Rxd4 35. Rc2 Kf7 36. Kf2 Kg6 37. Ke3 Rd6 1/2-1/2

[Event "Befana SSM B"]
[Site "Milano ITA"]
[Date "2014.01.02"]
[Round "1"]
[White "Lamperti, Gianloris "]
[Black "Pedroni, Marco"]
[WhiteElo "1614"]
[BlackElo "1850"]
[Result "0-1"]
[PlyCount "42"]
[EventDate "2014.01.02"]

1. d4 d5 2. c4 c6 3. Nc3 Nf6 4. Bg5 e6 5. e3 b6 6. Nf3 Bd6 7. Qc2 Nbd7 8. cxd5
cxd5 9. Nb5 Bb8 10. Rc1 Bb7 11. Nc7+ Bxc7 12. Qxc7 Rc8 13. Qxd8+ Kxd8 14. Rxc8+
Kxc8 15. Bd3 Kb8 16. Ke2 Rc8 17. Bf4+ Ka8 18. Ng5 Ne4 19. Nxf7 Ba6 20. Bxa6
Rc2+ 21. Kd3 Rd2# 0-1

[Event "Befana SSM B"]
[Site "Milano ITA"]
[Date "2014.01.02"]
[Round "1"]
[White "Lavorgna, Francesco"]
[Black "Santelli, Francesco"]
[WhiteElo "1598"]
[BlackElo "1798"]
[Result "0-1"]
[PlyCount "72"]
[EventDate "2014.01.02"]

1. d4 Nf6 2. c4 e5 3. d5 Bc5 4. Nc3 e4 5. Bg5 Bxf2+ 6. Kxf2 Ng4+ 7. Ke1 Qxg5 8.
Qd4 Qe5 9. Qxe4 Qxe4 10. Nxe4 Ne3 11. Rc1 d6 12. Rc3 Nxf1 13. Kxf1 b6 14. Nf3
O-O 15. Kf2 Bf5 16. Ng3 Bg6 17. e4 Nd7 18. Re1 a5 19. Kg1 Rae8 20. Rce3 Ne5 21.
Nxe5 Rxe5 22. h3 Rfe8 23. Kf2 h6 24. Kf3 f6 25. Kf4 Bh7 26. Kf3 Kf8 27. b3 R8e7
28. a3 Bg6 29. h4 Bh7 30. h5 Rg5 31. Rh1 f5 32. Rf1 fxe4+ 33. Nxe4 Bxe4+ 34.
Rxe4 Rf5+ 35. Rf4 Rxf4+ 36. Kxf4 Rf7+ 0-1

[Event "Befana SSM B"]
[Site "Milano ITA"]
[Date "2014.01.02"]
[Round "1"]
[White "Libutti, Michele"]
[Black "Riboldi, Raffaele"]
[WhiteElo "1727"]
[BlackElo "1895"]
[Result "0-1"]
[PlyCount "56"]
[EventDate "2014.01.02"]

1. d4 Nf6 2. c4 e6 3. Nc3 Bb4 4. e3 c5 5. Nf3 O-O 6. Bd3 Nc6 7. O-O Bxc3 8.
bxc3 d6 9. e4 e5 10. Bg5 h6 11. Bh4 Qe7 12. h3 b6 13. Qc2 Ba6 14. d5 Na5 15.
Nd2 g5 16. Bg3 Kg7 17. Nb3 Rab8 18. Rfb1 Qc7 19. Nd2 Bc8 20. Nf1 Qe7 21. Ne3
Bd7 22. Nf5+ Bxf5 23. exf5 Rfe8 24. Re1 Qd7 25. Be4 Rbd8 26. h4 Nxe4 27. Qxe4
f6 28. f3 Rg8 $138 0-1

[Event "Befana SSM B"]
[Site "Milano ITA"]
[Date "2014.01.02"]
[Round "1"]
[White "Macri', Vincenzo Roberto"]
[Black "Da Campo, Giuseppe"]
[WhiteElo "1560"]
[BlackElo "1780"]
[Result "0-1"]
[PlyCount "74"]
[EventDate "2014.01.02"]

1. e4 c5 2. Na3 e6 3. c3 Nc6 4. f4 d6 5. Nf3 Qc7 6. Nb5 Qb8 7. d4 cxd4 8. cxd4
a6 9. Nc3 Nf6 10. e5 Nd5 11. Bc4 Nxc3 12. bxc3 b5 13. Bb3 dxe5 14. fxe5 Be7 15.
O-O Na5 16. Bc2 Qc7 17. Bd2 Bb7 18. a4 Nc4 19. Bg5 Bxg5 20. Nxg5 Ne3 21. Qh5
Nxf1 22. Rxf1 g6 23. Qh6 Qxc3 24. Nxe6 fxe6 25. Bxg6+ Kd7 26. Qg7+ Kc6 27. Be4+
Kb6 28. Qxb7+ Ka5 29. Rb1 Rab8 30. Rxb5+ axb5 31. Qa7+ Kb4 32. Qe7+ Kxa4 33.
Qa7+ Kb3 34. Kf2 Rhf8+ 35. Bf3 Ra8 36. Qe7 Qxd4+ 37. Ke2 Ra2+ 0-1

[Event "Befana SSM B"]
[Site "Milano ITA"]
[Date "2014.01.02"]
[Round "1"]
[White "Malescusi, Luciano"]
[Black "Colica, Daniele"]
[WhiteElo "1881"]
[BlackElo "1698"]
[Result "1-0"]
[PlyCount "53"]
[EventDate "2014.01.02"]

1. c4 Nf6 2. b3 g6 3. Bb2 Bg7 4. e3 c5 5. g3 O-O 6. Bg2 d5 7. Nf3 Nc6 8. O-O d4
9. exd4 cxd4 10. d3 e5 11. Na3 Rb8 12. Re1 Ng4 13. h3 Nh6 14. Qd2 b6 15. b4 Qf6
16. b5 e4 17. Rxe4 Bf5 18. Ree1 Ne7 19. Bxd4 Qd6 20. Bxg7 Kxg7 21. Qc3+ f6 22.
d4 Rbc8 23. Qb2 Bd3 24. Rac1 Nef5 25. Qc3 Nxg3 26. fxg3 Bf5 27. Nd2 1-0

[Event "Befana SSM B"]
[Site "Milano ITA"]
[Date "2014.01.02"]
[Round "1"]
[White "Manzotti, Francesco"]
[Black "Lipari, Alberto"]
[WhiteElo "1777"]
[BlackElo "1535"]
[Result "1-0"]
[PlyCount "33"]
[EventDate "2014.01.02"]

1. e4 g6 2. d4 Bg7 3. Nc3 d6 4. Be3 Nf6 5. h3 Nbd7 6. f4 e5 7. Be2 exf4 8. Bxf4
Qe7 9. Bf3 O-O 10. Nge2 b6 11. e5 dxe5 12. dxe5 Nxe5 13. Bxa8 Bxh3 14. Rxh3
Rxa8 15. Qd4 Nfd7 16. Qe4 Re8 17. O-O-O 1-0

[Event "Befana SSM B"]
[Site "Milano ITA"]
[Date "2014.01.02"]
[Round "1"]
[White "Marchioro, Luigi"]
[Black "Pirrello, Christian"]
[WhiteElo "1872"]
[BlackElo "1641"]
[Result "1/2-1/2"]
[PlyCount "67"]
[EventDate "2014.01.02"]

1. e4 c6 2. d4 d5 3. e5 c5 4. dxc5 Qc7 5. Qxd5 e6 6. Qe4 Bxc5 7. Bb5+ Bd7 8.
Bxd7+ Nxd7 9. Nf3 Ne7 10. O-O Ng6 11. Nc3 O-O 12. Re1 a6 13. Be3 Bxe3 14. Qxe3
b5 15. a3 Nb6 16. Nd2 Rfd8 17. Rac1 Nxe5 18. Qxe5 Qxe5 19. Rxe5 Rxd2 20. Ne4
Rd5 21. Rxd5 Nxd5 22. c4 bxc4 23. Rxc4 Kf8 24. b4 Ke7 25. g3 f5 26. Nc3 Kd6 27.
Kf1 Nxc3 28. Rxc3 Rb8 29. f4 Rb5 30. Ke2 a5 31. bxa5 Rxa5 32. Kd2 e5 33. fxe5+
Kxe5 34. Kc2 1/2-1/2

[Event "Befana SSM B"]
[Site "Milano ITA"]
[Date "2014.01.02"]
[Round "1"]
[White "Mazzoccoli, Simone"]
[Black "Lunghi, Samuele"]
[WhiteElo "1766"]
[BlackElo "1522"]
[Result "1/2-1/2"]
[PlyCount "66"]
[EventDate "2014.01.02"]

1. e4 e5 2. Nf3 Nc6 3. d4 exd4 4. Nxd4 Nxd4 5. Qxd4 Nf6 6. Nc3 Be7 7. e5 Ng8 8.
Bc4 d6 9. Qd5 Be6 10. Qxb7 Rb8 11. Qxa7 Bxc4 12. Qa4+ Qd7 13. Qxc4 dxe5 14. O-O
Nf6 15. a4 O-O 16. a5 Qd4 17. Qxd4 exd4 18. Ne2 c5 19. b3 Ra8 20. c3 Rfb8 21.
cxd4 Rxb3 22. dxc5 Bxc5 23. Kh1 Ng4 24. Be3 Bxe3 25. fxe3 Nxe3 26. Rf3 Nc2 27.
Rxb3 Nxa1 28. Rb2 g6 29. Kg1 Rxa5 30. Kf2 Rc5 31. Nd4 Rc1 32. Ke3 Rc3+ 33. Kd2
Rc4 1/2-1/2

[Event "Befana SSM B"]
[Site "Milano ITA"]
[Date "2014.01.02"]
[Round "1"]
[White "Murli, Almerico"]
[Black "Canciani, Alberto"]
[WhiteElo "1804"]
[BlackElo "1598"]
[Result "0-1"]
[PlyCount "76"]
[EventDate "2014.01.02"]

1. e4 e6 2. d3 c5 3. Nf3 Qc7 4. g3 d6 5. Bg2 Nd7 6. O-O Ngf6 7. Nbd2 h6 8. Re1
e5 9. Nf1 g5 10. Ne3 Nh7 11. Nd5 Qd8 12. c3 Bg7 13. a3 O-O 14. h4 g4 15. Nh2 h5
16. Nf1 Nb6 17. Nfe3 Nxd5 18. Nxd5 Be6 19. Be3 Bxd5 20. exd5 f5 21. Bd2 f4 22.
Be4 Bh6 23. Qb3 Rb8 24. Rad1 Qf6 25. Rf1 b6 26. Qc2 Rf7 27. Qc1 Rbf8 28. Qc2
fxg3 29. Bxh7+ Kxh7 30. d4+ Kg7 31. Bxh6+ Kxh6 32. Qc1+ Kh7 33. fxg3 Qe7 34.
dxc5 bxc5 35. c4 Rf3 36. Rxf3 Rxf3 37. Kg2 e4 38. Qc2 Qe5 0-1

[Event "Befana SSM B"]
[Site "Milano ITA"]
[Date "2014.01.02"]
[Round "1"]
[White "Neri, Angelo"]
[Black "Lavorgna, Filippo"]
[WhiteElo "1894"]
[BlackElo "1725"]
[Result "1-0"]
[PlyCount "139"]
[EventDate "2014.01.02"]

1. e4 c6 2. d4 d5 3. Nc3 dxe4 4. Nxe4 Bf5 5. Ng3 Bg6 6. Nf3 Nf6 7. c3 Nbd7 8.
h4 h6 9. h5 Bh7 10. Bd3 Bxd3 11. Qxd3 e6 12. Bd2 Bd6 13. Ne4 Nxe4 14. Qxe4 Nf6
15. Qe2 Qc7 16. Ne5 Nd7 17. f4 Nxe5 18. fxe5 Be7 19. Qg4 O-O-O 20. O-O-O Rhg8
21. Rdf1 Bg5 22. Bxg5 hxg5 23. Qxg5 Rdf8 24. Qg4 Kb8 25. Rh3 Qe7 26. Rg3 Qd8
27. Rgf3 Qe7 28. Rf4 a6 29. Kb1 f6 30. a3 Ka7 31. Qg6 f5 32. g4 fxg4 33. Qxg4
Rxf4 34. Qxf4 Qd7 35. Qf7 Rd8 36. Qg6 Qd5 37. Qxg7 Qc4 38. Qf6 Qd3+ 39. Ka1 Rh8
40. Qf3 Qc4 41. Rh1 c5 42. Qf1 Qd5 43. h6 cxd4 44. Qg1 Kb8 45. Rh4 dxc3 46.
bxc3 Qxe5 47. Qd4 Qxd4 48. cxd4 Kc7 49. Kb2 Rh7 50. Kc3 Kd6 51. Rh5 b6 52. Kc4
Kc6 53. Kd3 Kd6 54. Ke4 Kd7 55. Kf4 Ke7 56. Kg5 Rh8 57. h7 Kf7 58. Kf4 Kg6 59.
Rh1 a5 60. Ke5 b5 61. Kxe6 Rxh7 62. Rxh7 Kxh7 63. Kd5 b4 64. axb4 axb4 65. Kc4
Kg7 66. Kxb4 Kf6 67. Kc5 Ke6 68. Kc6 Ke7 69. d5 Ke8 70. Kc7 1-0

[Event "Befana SSM B"]
[Site "Milano ITA"]
[Date "2014.01.02"]
[Round "1"]
[White "Nordio, Giorgio"]
[Black "Rossi, Giampiero"]
[WhiteElo "1682"]
[BlackElo "1877"]
[Result "1/2-1/2"]
[PlyCount "72"]
[EventDate "2014.01.02"]

1. c4 e6 2. g3 d5 3. Bg2 c6 4. Nf3 Nf6 5. b3 Nbd7 6. Bb2 Be7 7. O-O O-O 8. Qc2
b6 9. Nc3 Bb7 10. d3 Rc8 11. e4 dxe4 12. dxe4 Qc7 13. Rad1 Rfd8 14. Rd2 c5 15.
Rfd1 Nf8 16. Ne1 Ne8 17. f4 Rxd2 18. Rxd2 Rd8 19. Qd1 a6 20. Rxd8 Qxd8 21. Qxd8
Bxd8 22. e5 Bxg2 23. Kxg2 f5 24. a3 Kf7 25. Kf3 Ke7 26. h3 Kd7 27. Ke3 Kc6 28.
Kd3 g6 29. Nc2 Be7 30. Ne2 Nd7 31. Bc3 Nc7 32. Be1 h5 33. h4 Ne8 34. Ng1 Bd8
35. a4 Nc7 36. Nh3 Be7 1/2-1/2

[Event "Befana SSM B"]
[Site "Milano ITA"]
[Date "2014.01.02"]
[Round "1"]
[White "Pasini, Nicolo'"]
[Black "Primerano, Carlo"]
[WhiteElo "1434"]
[BlackElo "1737"]
[Result "0-1"]
[PlyCount "42"]
[EventDate "2014.01.02"]

1. e4 d6 2. d4 Nf6 3. Nc3 g6 4. Nf3 Bg7 5. Be3 O-O 6. h3 c6 7. Qd2 Qa5 8. Be2
Nbd7 9. Bh6 e5 10. Bxg7 Kxg7 11. g4 b5 12. g5 Ne8 13. h4 b4 14. Nd1 c5 15. dxe5
dxe5 16. Nxe5 Nxe5 17. Qd5 b3+ 18. Nc3 Nc7 19. Qxe5+ Kg8 20. cxb3 Re8 21. Qf4
Ne6 {phone default} 0-1

[Event "Befana SSM B"]
[Site "Milano ITA"]
[Date "2014.01.02"]
[Round "1"]
[White "Piccapietra, Matteo"]
[Black "Papa, Angelo"]
[WhiteElo "1464"]
[BlackElo "1760"]
[Result "1/2-1/2"]
[PlyCount "34"]
[EventDate "2014.01.02"]

1. e4 g6 2. d4 Bg7 3. c4 d6 4. Nc3 Nf6 5. Nf3 O-O 6. Be2 e5 7. O-O exd4 8. Nxd4
Re8 9. f3 Nc6 10. Be3 Nh5 11. Nxc6 bxc6 12. Bd4 Qg5 13. Rf2 Nf4 14. Kh1 Bxd4
15. Qxd4 Ne6 16. Qd1 Bb7 17. Qc1 Qxc1+ 1/2-1/2

[Event "Befana SSM B"]
[Site "Milano ITA"]
[Date "2014.01.02"]
[Round "1"]
[White "Poletto, Daniele"]
[Black "Fantina, Carla"]
[WhiteElo "1760"]
[BlackElo "1456"]
[Result "1-0"]
[PlyCount "59"]
[EventDate "2014.01.02"]

1. c4 c5 2. Nc3 Nc6 3. g3 Nf6 4. Bg2 g6 5. e4 e5 6. Nge2 Bg7 7. d3 O-O 8. O-O
a6 9. f4 h6 10. h3 d6 11. Nd5 b5 12. fxe5 Nxd5 13. cxd5 Nxe5 14. d4 Nd7 15. Be3
Kh7 16. Qd2 Qc7 17. Rac1 c4 18. Rf2 Nb6 19. Kh2 a5 20. h4 f5 21. Nf4 a4 22. h5
g5 23. Ng6 Rf7 24. Rcf1 f4 25. gxf4 gxf4 26. Rxf4 Rxf4 27. Rxf4 Nd7 28. Rf7 Qd8
29. Bxh6 Qa5 30. Rxg7# 1-0

[Event "Befana SSM B"]
[Site "Milano ITA"]
[Date "2014.01.02"]
[Round "1"]
[White "Pollio, Ciro"]
[Black "Colonetti, Fabio"]
[WhiteElo "1761"]
[BlackElo "1475"]
[Result "0-1"]
[PlyCount "82"]
[EventDate "2014.01.02"]

1. d4 f5 2. c4 Nf6 3. Nc3 e6 4. Bg5 Be7 5. Bxf6 Bxf6 6. e4 c6 7. e5 Be7 8. Qh5+
g6 9. Qh6 Bf8 10. Qd2 Bg7 11. Nf3 d5 12. h4 Nd7 13. h5 Qe7 14. hxg6 hxg6 15.
Rxh8+ Bxh8 16. Qh6 Qg7 17. Qh4 Nb6 18. c5 Nd7 19. Be2 Qg8 20. O-O-O Bg7 21. Rh1
Nf8 22. Bd3 Bd7 23. Ne2 Qf7 24. Nf4 Qg8 25. Qg5 Kf7 26. Rh3 Re8 27. Rg3 Qh7 28.
Nh4 Rc8 29. Nhxg6 Nxg6 30. Qxg6+ Qxg6 31. Rxg6 b6 32. b4 Rh8 33. Kc2 Rh2 34.
cxb6 axb6 35. Rg3 c5 36. bxc5 bxc5 37. Kc3 cxd4+ 38. Kxd4 Rh1 39. Be2 Rc1 40.
Rc3 Rxc3 41. Kxc3 Bxe5+ 0-1

[Event "Befana SSM B"]
[Site "Milano ITA"]
[Date "2014.01.02"]
[Round "1"]
[White "Ragoso, Mario"]
[Black "Croso, Marco"]
[WhiteElo "1633"]
[BlackElo "1861"]
[Result "1/2-1/2"]
[PlyCount "159"]
[EventDate "2014.01.02"]

1. e4 c5 2. c3 d6 3. d4 cxd4 4. cxd4 g6 5. Bd2 Bg7 6. Bb5+ Bd7 7. Bxd7+ Qxd7 8.
Nf3 Nf6 9. Nc3 O-O 10. e5 Ne8 11. O-O Nc6 12. Re1 d5 13. Qa4 Nc7 14. Rac1 Rfd8
15. a3 Ne6 16. Be3 a6 17. Qc2 Rac8 18. Red1 Na5 19. Qa4 Nc4 20. Qxd7 Rxd7 21.
Na4 Rdc7 22. Nc5 Nxe3 23. fxe3 Nxc5 24. Rxc5 Rxc5 25. dxc5 Rxc5 26. b4 Rc3 27.
Rxd5 Bh6 28. Rd7 Bxe3+ 29. Kf1 e6 30. Rxb7 Rxa3 31. Ke2 Bh6 32. b5 axb5 33.
Rxb5 Ra2+ 34. Kf1 Be3 35. Rb3 Ba7 36. Rb7 h6 37. Rd7 g5 38. h3 Kg7 39. Nd4 Bxd4
40. Rxd4 Kg6 41. g4 Kg7 42. Rd3 Kg6 43. Rf3 Rh2 44. Rf6+ Kg7 45. Rf3 Rd2 46.
Ke1 Ra2 47. Kf1 Kf8 48. Ke1 Ke7 49. Kd1 Ra5 50. Re3 f5 51. exf6+ Kxf6 52. Kc2
e5 53. Kb3 Rd5 54. Kc4 Ke6 55. Rf3 Rd4+ 56. Kc3 Rf4 57. Re3 Kd5 58. Kd2 e4 59.
Ke2 Rf6 60. Ra3 Re6 61. Ra4 Rc6 62. Ra5+ Kd4 63. Ra4+ Rc4 64. Ra6 Rc2+ 65. Kd1
Rh2 66. Rxh6 Ke3 67. Re6 Rxh3 68. Kc2 Kf4 69. Re8 Rg3 70. Kd2 e3+ 71. Ke1 Kxg4
72. Ke2 Kh3 73. Rh8+ Kg2 74. Rf8 g4 75. Rf4 Kh3 76. Rf1 Kh2 77. Rf8 Rh3 78. Rg8
g3 79. Kxe3 g2+ 80. Kf2 1/2-1/2

[Event "Befana SSM B"]
[Site "Milano ITA"]
[Date "2014.01.02"]
[Round "1"]
[White "Rinaldo, Andrea"]
[Black "Taccani Stella, Alberto"]
[WhiteElo "1748"]
[BlackElo "1380"]
[Result "1-0"]
[PlyCount "23"]
[EventDate "2014.01.02"]

1. e4 e6 2. Nf3 d5 3. Nc3 g6 4. d4 Bg7 5. Be2 Ne7 6. Bg5 Nd7 7. exd5 h6 8. Bh4
g5 9. Bg3 exd5 10. Nb5 O-O 11. Bxc7 Nf5 12. Bxd8 1-0

[Event "Befana SSM B"]
[Site "Milano ITA"]
[Date "2014.01.02"]
[Round "1"]
[White "Villalba, Fernando"]
[Black "Mingolla, Patrizio"]
[WhiteElo "1856"]
[BlackElo "1624"]
[Result "1-0"]
[PlyCount "87"]
[EventDate "2014.01.02"]

1. d4 d5 2. Nf3 Nf6 3. Bf4 c6 4. e3 e6 5. c3 Bd6 6. Bg5 Nbd7 7. Nbd2 Qc7 8. Be2
O-O 9. O-O e5 10. dxe5 Bxe5 11. Nxe5 Qxe5 12. Nf3 Qc7 13. Bf4 Qb6 14. Qb3 Qxb3
15. axb3 Ne4 16. Rfd1 Ndf6 17. h3 Re8 18. b4 a6 19. b5 cxb5 20. Bxb5 Rd8 21.
Bd3 Be6 22. Ng5 h6 23. Nxe6 fxe6 24. f3 Nc5 25. Bc2 Rac8 26. g4 Rf8 27. Kg2 g5
28. Bg3 Kf7 29. Ra5 Rfd8 30. Be5 Ncd7 31. Bg3 Nc5 32. h4 gxh4 33. Bxh4 Rg8 34.
Rh1 Nfd7 35. Bg3 Rh8 36. Bf4 Kg7 37. b4 b6 38. Raa1 e5 39. Bg3 Ne6 40. Bf5 Kf6
41. Be1 Ra8 42. Rd1 a5 43. Rxd5 axb4 44. Rxd7 1-0

[Event "Befana SSM B"]
[Site "Milano ITA"]
[Date "2014.01.03"]
[Round "2"]
[White "Alidosi, Marco"]
[Black "Lavorgna, Francesco"]
[WhiteElo "1775"]
[BlackElo "1598"]
[Result "1-0"]
[PlyCount "127"]
[EventDate "2014.01.02"]

1. Nf3 Nf6 2. d4 g6 3. c3 Bg7 4. Bf4 O-O 5. e3 d6 6. h3 Nbd7 7. Nbd2 Re8 8. Be2
e5 9. dxe5 dxe5 10. Bh2 Qe7 11. O-O c6 12. Qc2 Nd5 13. Rfd1 Nf8 14. e4 Nb6 15.
Nc4 Nxc4 16. Bxc4 Be6 17. Bf1 Nd7 18. Ne1 f5 19. f3 fxe4 20. fxe4 Qc5+ 21. Kh1
Rf8 22. Nd3 Qe7 23. Bg1 Qh4 24. Qe2 Nf6 25. Re1 Bc4 26. Bf2 Qg5 27. Be3 Qg3 28.
Qf3 Qxf3 29. gxf3 Nh5 30. Kg2 Rad8 31. Nc5 Bxf1+ 32. Rxf1 Rf7 33. Rad1 Rdf8 34.
Ne6 Nf4+ 35. Nxf4 exf4 36. Bc5 Rc8 37. Rd3 b6 38. Bf2 Bf6 39. Rfd1 Rcc7 40. Bd4
Bh4 41. Be5 Rb7 42. c4 Kf8 43. Rd6 c5 44. R1d5 Ke8 45. Rc6 Rbd7 46. Bd6 Rd8 47.
e5 Be7 48. e6 Rf8 49. Be5 Rxd5 50. cxd5 Rf5 51. Rc8+ Bd8 52. d6 Rxe5 53. e7
Rxe7 54. dxe7 Kxe7 55. Ra8 Kd7 56. Rxa7+ Bc7 57. Ra8 Be5 58. b3 Ke6 59. Ra7 h5
60. Rb7 Bc3 61. Rxb6+ Kf5 62. Rb5 Bb4 63. a4 g5 64. a5 1-0

[Event "Befana SSM B"]
[Site "Milano ITA"]
[Date "2014.01.03"]
[Round "2"]
[White "Baronio, Gaia"]
[Black "Murli, Almerico"]
[WhiteElo "1613"]
[BlackElo "1804"]
[Result "1/2-1/2"]
[PlyCount "43"]
[EventDate "2014.01.02"]

1. e4 g6 2. d4 Bg7 3. Nc3 c6 4. Nf3 d6 5. Be2 Nf6 6. O-O O-O 7. Be3 Qc7 8. Qd2
Nbd7 9. h3 e5 10. dxe5 dxe5 11. Rad1 Re8 12. Rfe1 Nf8 13. a3 Be6 14. Qd6 Qxd6
15. Rxd6 h6 16. Red1 N8d7 17. Kh2 Nb6 18. Bxb6 axb6 19. R6d2 Nh5 20. g3 b5 21.
Kg2 Nf6 22. Kh2 1/2-1/2

[Event "Befana SSM B"]
[Site "Milano ITA"]
[Date "2014.01.03"]
[Round "2"]
[White "Canciani, Alberto"]
[Black "Villalba, Fernando"]
[WhiteElo "1598"]
[BlackElo "1856"]
[Result "0-1"]
[PlyCount "32"]
[EventDate "2014.01.02"]

1. e4 c5 2. Nf3 Nc6 3. c4 d6 4. h3 g6 5. Nc3 Bg7 6. d3 Nf6 7. Be3 O-O 8. Qd2 e5
9. g4 Nd4 10. Nh2 a6 11. Bg2 b5 12. b3 Qa5 13. O-O Qxc3 14. Qxc3 Ne2+ 15. Kh1
Nxc3 16. Rac1 b4 0-1

[Event "Befana SSM B"]
[Site "Milano ITA"]
[Date "2014.01.03"]
[Round "2"]
[White "Cavalieri, Riccardo"]
[Black "Marchioro, Luigi"]
[WhiteElo "1576"]
[BlackElo "1872"]
[Result "1/2-1/2"]
[PlyCount "52"]
[EventDate "2014.01.02"]

1. e4 e5 2. Nf3 Nc6 3. Bb5 Nf6 4. O-O Nxe4 5. Re1 Nd6 6. Bxc6 dxc6 7. Nxe5 Be7
8. d3 O-O 9. b3 Bf6 10. Bb2 Be6 11. c4 Nf5 12. d4 Ne7 13. Nd2 Ng6 14. Nxg6 hxg6
15. Ne4 Be7 16. Nc3 Bd6 17. d5 Bf5 18. dxc6 bxc6 19. Qf3 Qd7 20. Rad1 Rfe8 21.
h3 Rxe1+ 22. Rxe1 Re8 23. Rxe8+ Qxe8 24. Qe2 Qe5 25. Qxe5 Bxe5 26. Na4 Bd6
1/2-1/2